000 01121nam a2200301 a 4500
001 000009267
003 DO-SdBNP
005 20240412074210.0
008 090929s1967 dr 001 p spa d
040 _aDO-SdBNP
_bspa
_cBNPHU
082 _aRD861.4
_bI37d
100 1 _aIncháustegui Cabral, Héctor,
_d1912-1979
_921024
245 1 0 _aDiario de la guerra ;
_bLos dioses ametrallados /
_cHéctor Incháustegui Cabral.
260 _aSantiago de los Caballeros :
_bUniversidad Católica Madre y Maestra,
_c1967.
300 _a257 p. ;
_c19 cm.
490 1 _aContemporáneos
500 _aIncluye datos biográficos en la contracubierta.
501 _aPublicado con: Los dioses ametrallados
563 _aDos obras encuadernadas juntas con paginación continua.
590 _aInventariado, 2018/VM
650 0 _aPoesía dominicana
_966
650 0 _aLiteratura dominicana.
_967
700 1 _aIncháustegui Cabral, Héctor,
_d1912-1979
_tLos dioses ametrallados
_923982
740 4 2 _aLos dioses ametrallados
830 0 _aContemporáneos
_96941
910 _aValidado. Control de calidad BNPHU
942 _2ddc
_cLBS1
999 _c9029
_d9029